000 00940cad a22002295a 4500
001 L150996
008 100922e20100920 d f s 000 0 eng u
035 _a(Sirsi) u150996
041 0 _aeng
050 _a333.33 $2 18
110 2 _aRightmove
245 0 0 _aDouble-dip or Autumn blip for the housing market?
_h[electronic resource]
260 _aLondon
_bRightmove
_c2010
490 0 0 _aRightmove House Price Index
_vSeptember 2010
520 _aAverage national asking price down by 1.1% between August and September 2010 with a 2.6% increase since September 2009. Whilst supply is easing off, sales are very slow.
590 _aKA NTK
650 2 4 _aRIGHTMOVE HOUSE PRICE INDEX
651 4 _aUnited Kingdom
_y
690 _aPROPERTY-RESIDENTIAL PROPERTY-RESIDENTIAL PROPERTY MARKET
856 4 0 _uhttps://www.rightmove.co.uk/news/files/2010/09/september-2010.pdf
_zView the item free of charge at www.rightmove.co.uk
942 _n0
999 _c111095
_d111095